Innovation in Islam : (Record no. 25514)
[ view plain ]
| 000 -LEADER | |
|---|---|
| fixed length control field | 01848cam a22002895a 4500 |
| 001 - CONTROL NUMBER | |
| control field | 16459652 |
| 005 - DATE AND TIME OF LATEST TRANSACTION | |
| control field | 20171029122853.0 |
| 008 - FIXED-LENGTH DATA ELEMENTS--GENERAL INFORMATION | |
| fixed length control field | 100915t2011 caua frb 001 0 eng d |
| 010 ## - LIBRARY OF CONGRESS CONTROL NUMBER | |
| LC control number | 2010039651 |
| 020 ## - INTERNATIONAL STANDARD BOOK NUMBER | |
| International Standard Book Number | 9780520266940 (cloth : acid-free paper) |
| 020 ## - INTERNATIONAL STANDARD BOOK NUMBER | |
| International Standard Book Number | 9780520266957 (pbk. : acid-free paper) |
| 040 ## - CATALOGING SOURCE | |
| Original cataloging agency | DLC |
| Language of cataloging | eng |
| Transcribing agency | DLC |
| Modifying agency | DLC |
| -- | EG-ScBUE |
| 082 04 - DEWEY DECIMAL CLASSIFICATION NUMBER | |
| Classification number | 320.550917671 |
| Item number | INN |
| Edition number | 22 |
| 245 00 - TITLE STATEMENT | |
| Title | Innovation in Islam : |
| Remainder of title | traditions and contributions / |
| Statement of responsibility, etc | edited by Mehran Kamrava. |
| 260 ## - PUBLICATION, DISTRIBUTION, ETC. (IMPRINT) | |
| Place of publication, distribution, etc | Berkeley ; |
| -- | London : |
| Name of publisher, distributor, etc | University of California Press, |
| Date of publication, distribution, etc | c.2011. |
| 300 ## - PHYSICAL DESCRIPTION | |
| Extent | xii, 251 p. : |
| Other physical details | ill. ; |
| Dimensions | 24 cm. |
| 504 ## - BIBLIOGRAPHY, ETC. NOTE | |
| Bibliography, etc | Includes bibliographical references and index. |
| 505 0# - FORMATTED CONTENTS NOTE | |
| Formatted contents note | Contextualizing innovation in Islam / Mehran Kamrava -- Knowledge and hermeneutics in Islam today : which reform? / Tariq Ramadan -- Deconstructing episteme(s) / Mohammed Arkoun -- Iranian Shi'ism at the gates of historic change / Mehran Kamrava -- History from below, dictionary from below / Nelly Hanna -- The translation of the Qur'an : an impossible task, the classical linguistic-theological roots of the debate / Nasr Abu-Zayd -- Toward a new understanding of renewal in Islam / Adonis -- Creation, originality, and innovation in Sufi poetry / Patrick Laude -- Innovation in the visual arts of Islam / Walter B. Denny -- Liberal/progressive, modern, and modernized Islam : Muslim Americans and the American state -- Sherman A. Jackson -- Hijab and choice : between politics and theology / Ziba Mir-Hosseini -- Modern movements in Islam / John O. Voll. |
| 650 #7 - SUBJECT ADDED ENTRY--TOPICAL TERM | |
| Topical term or geographic name as entry element | Islam |
| Chronological subdivision | 21st century. |
| Source of heading or term | BUEsh |
| 9 (RLIN) | 20211 |
| 650 #7 - SUBJECT ADDED ENTRY--TOPICAL TERM | |
| Topical term or geographic name as entry element | Islamic renewal. |
| Source of heading or term | BUEsh |
| 650 #7 - SUBJECT ADDED ENTRY--TOPICAL TERM | |
| Topical term or geographic name as entry element | Islamic fundamentalism. |
| Source of heading or term | BUEsh |
| 651 ## - SUBJECT ADDED ENTRY--GEOGRAPHIC NAME | |
| Source of heading or term | BUEsh |
| 653 ## - INDEX TERM--UNCONTROLLED | |
| Resource For college | BAEPS, Political Science |
| Arrived date list | October2017 |
| 655 ## - INDEX TERM--GENRE/FORM | |
| Form subdivision | Reading book |
| -- | 34232 |
| 700 1# - ADDED ENTRY--PERSONAL NAME | |
| Personal name | Kamrava, Mehran, |
| Dates associated with a name | 1964- |
| Relator term | editor. |
| 9 (RLIN) | 4826 |
| 942 ## - ADDED ENTRY ELEMENTS (KOHA) | |
| Source of classification or shelving scheme | Dewey Decimal Classification |
| Withdrawn status | Item status | Source of classification or shelving scheme | Damaged status | Not for loan | Vendor | Home library | Current library | Shelving location | Date acquired | Source of acquisition | Cost, normal purchase price | Total Checkouts | Total Renewals | Full call number | Barcode | Date last seen | Date last borrowed | Koha item type |
|---|---|---|---|---|---|---|---|---|---|---|---|---|---|---|---|---|---|---|
| Dewey Decimal Classification | Baccah | Central Library | Central Library | First floor | 29/10/2017 | Purchase | 550.00 | 1 | 9 | 320.550917671 INN | 000042305 | 15/07/2025 | 15/10/2018 | Book - Borrowing |